000 00917nam a2200265Ia 4500
003 OSt
005 20221005110758.0
006 a|||||r|||| 00| 0
007 ta
008 221004b |||||||| |||| 00| 0 hin d
020 _a9788126725281 (hbk)
_c350
024 _a11246
037 _bBR8180, 20/03/2014, Rajkamal Prakashan Pvt. Ltd.
_cTextual
040 _aCRL
_cCRL
_bhin
041 _2hin
_ahin
082 _aO152,3NPR,NA, Q4
100 _aप्रियम्वदा, उषा
245 0 _aनदी
246 _aNadī
260 _aनई दिल्ली
_bराजकमल प्रकाशन भारत
_c2014
300 _a170पृ0
_ccm.
650 _aहिन्दी साहित्य
942 _hO152,3NPR,NA, Q4
_cTEXL
_2cc
999 _c1019863
_d1019863